Sąsiedzi sąsiadów Serbii - Statystyki

Ogólne statystyki
  • Ten quiz został rozwiązany 13 razy
  • Średni wynik to 7 z 8
Statystyki odpowiedzi
Państwo % Poprawnych
Albania
100%
Grecja
91%
Mołdawia
82%
Słowacja
82%
Turcja
82%
Ukraina
82%
Austria
73%
Słowenia
73%
Nie znaleziono quizów pasujących do podanych kryteriów
Rozkład punktacji
Procent ludzi z każdym wynikiem
Percentyl według liczby udzielonych odpowiedzi
Twoja historia wyników
Nie rozwiązałeś tego quizu